| 000 | 00472nam a2200169Ia 4500 | ||
|---|---|---|---|
| 003 | OSt | ||
| 005 | 20260326140607.0 | ||
| 008 | 190216s9999||||xx |||||||||||||| ||und|| | ||
| 040 | _coclc | ||
| 082 |
_a398.2 _bMAL/T |
||
| 100 |
_aMali _98208 |
||
| 245 | 0 |
_aThiranjedutha Hans Anderson Kathakal / _cMali |
|
| 260 |
_bPoorna Publications, _aKozhikode: _c1999. |
||
| 300 | _a169p | ||
| 650 | _aKathakal | ||
| 942 |
_cBK _2ddc _h398.2 _iMAL/T _k398.2 _mMAL/T |
||
| 999 |
_c27911 _d27911 |
||